|
|
|
|
| LEADER |
00000cam a2200000 7i4500 |
| 001 |
0000001950 |
| 005 |
20020715.0 |
| 090 |
0 |
0 |
|a 363.72809595
|b GRE 1996
|
| 100 |
1 |
0 |
|a GREGORY
|h Rick
|
| 245 |
1 |
0 |
|a Waste management in Malaysia :
|b issues and iniatives related to conservation of biodiversity and critical habitats
|c by Rick Gregory
|
| 260 |
0 |
0 |
|a Petaling Jaya, Selangor :
|b WWF (Malaysia) ,
|c 1996
|
| 300 |
|
|
|a ix, 56 p. :
|b ill. ;
|c 30 cm.
|
| 500 |
0 |
0 |
|a Bibliography: p. 51-56
|
| 650 |
0 |
0 |
|a Refuse and refuse disposal
|z Malaysia
|
| 710 |
1 |
1 |
|a Tabung Alam Malaysia
|
| 998 |
|
|
|a JPSM
|
| 999 |
|
|
|a 0000003372
|b Monograph
|c Open Shelf
|e Default branch
|